[Event "Registro op 10th"]
[Site "Registro"]
[Date "2019.08.02"]
[Round "2"]
[White "Ferreira, Raphael Suzuki"]
[Black "De Sousa, Rafaela Oliveira"]
[Result "0-1"]
[WhiteElo "1638"]
[BlackElo "1081"]
[PlyCount "102"]
[EventDate "2019.08.01"]
[EventType "swiss"]
[EventRounds "7"]
[EventCountry "BRA"]
[SourceTitle "EXT 2020"]
[Source "ChessBase"]
[SourceDate "2019.10.17"]
[SourceVersion "1"]
[SourceVersionDate "2019.10.17"]
[SourceQuality "1"]

1. c4 e6 2. Nf3 Nf6 3. e3 g6 4. Be2 Bg7 5. 0-0 0-0 6. Nc3 d5 7. b3 Nc6 8. Bb2 d4 9. exd4 Nxd4 10. Nxd4 Qxd4 11. Qc2 Qc5 12. d4 Qe7 13. Rfe1 c5 14. Rad1 cxd4 15. Rxd4 Rd8 16. Rxd8+ Qxd8 17. Rd1 Qe7 18. Bf3 Rb8 19. Qe2 Bd7 20. Nd5 Nxd5 21. Bxg7 Kxg7 22. cxd5 e5 23. g3 a6 24. Qc4 b5 25. d6 Qe6 26. Qc7 Rc8 27. Qb6 e4 28. Be2 Rc2 29. Bf1 Rxa2 30. Rc1 Rd2 31. Qxa6 Rxd6 32. Qa1+ f6 33. Qc3 Rc6 34. Qb2 e3 35. Rd1 exf2+ 36. Qxf2 Rd6 37. Re1 Qf7 38. Qc5 Re6 39. Rd1 Re5 40. Qd6 Bg4 41. Rc1 Qa7+ 42. Kh1 Bf3+ 43. Bg2 Bxg2+ 44. Kxg2 Qb7+ 45. Kf1 Qf3+ 46. Kg1 Qe3+ 47. Kg2 Qxc1 48. Qd7+ Kh6 49. Qh3+ Rh5 50. Qe6 Qc2+ 51. Kg1 Qxh2+ 0-1

[Event "Hebraica Xeque Mate op 1st"]
[Site "Hebraica"]
[Date "2016.06.11"]
[Round "1"]
[White "Itagyba, Renan Fortes"]
[Black "De Sousa, Rafaela Oliveira"]
[Result "1-0"]
[WhiteElo "1650"]
[BlackElo "1800"]
[PlyCount "67"]
[EventDate "2016.06.11"]
[EventType "swiss"]
[EventRounds "5"]
[EventCountry "BRA"]
[SourceTitle "CBM 173 Extra"]
[Source "ChessBase"]
[SourceDate "2016.08.29"]
[SourceVersion "1"]
[SourceVersionDate "2016.08.29"]
[SourceQuality "1"]

1. c4 e5 2. Nc3 Nf6 3. g3 c6 4. Bg2 Bb4 5. Nf3 Bxc3 6. bxc3 0-0 7. Nxe5 d6 8. Nf3 Be6 9. d3 Qa5 10. Bd2 d5 11. cxd5 cxd5 12. c4 Qd8 13. cxd5 Bxd5 14. 0-0 Nc6 15. Bg5 Bxf3 16. Bxf3 h6 17. Bf4 g5 18. Be3 Rc8 19. Qd2 Nh7 20. Rab1 b6 21. Rfc1 Ne5 22. Bg2 Rxc1+ 23. Rxc1 Ng4 24. h3 Nxe3 25. Qxe3 Qd6 26. Rc6 Qd8 27. Rxh6 Kg7 28. Rh5 Kg6 29. g4 f5 30. Be4 fxe4 31. Qxe4+ Kf6 32. Rxh7 Rf7 33. Qf5+ Ke7 34. Rxf7+ 1-0